[Event "AUT-ch U14 Girls"]
[Site "St Veit"]
[Date "2022.04.11"]
[Round "3"]
[White "Antenreiter, Lena"]
[Black "Hyassat, Milana"]
[Result "1-0"]
[WhiteElo "1204"]
[BlackElo "1059"]
[PlyCount "141"]
[EventDate "2022.04.10"]
[EventType "swiss"]
[EventRounds "6"]
[EventCountry "AUT"]
[SourceTitle "EXT 2023"]
[Source "ChessBase"]
[SourceDate "2022.10.05"]
[SourceVersion "1"]
[SourceVersionDate "2022.10.05"]
[SourceQuality "1"]

1. e4 c5 2. Nf3 Nc6 3. d4 cxd4 4. Nxd4 Nf6 5. Nc3 e5 6. Ndb5 a6 7. Nd6+ Bxd6 8. Qxd6 Qe7 9. Qxe7+ Nxe7 10. Bc4 b5 11. Bd5 Rb8 12. a3 Nexd5 13. exd5 Bb7 14. f4 d6 15. 0-0 0-0 16. fxe5 dxe5 17. d6 Nd7 18. Re1 Rfe8 19. Be3 Re6 20. Rad1 Rd8 21. Re2 Rg6 22. Nd5 Re6 23. Nc7 Rg6 24. Nd5 Re6 25. Bg5 f6 26. Nc7 fxg5 27. Nxe6 Re8 28. Nxg5 Rf8 29. Rf1 Rc8 30. Rf7 Bc6 31. Re7 h6 32. Nf7 e4 33. Ne5 Nxe5 34. Rxe5 Rd8 35. Rd2 Kf7 36. Re7+ Kf8 37. Kf2 Rd7 38. Rxd7 Bxd7 39. Ke3 Kf7 40. Kxe4 Ke6 41. b4 g5 42. g4 Bc6+ 43. Ke3 Kd7 44. Rd4 Bb7 45. Kd3 Ba8 46. c4 Bc6 47. cxb5 axb5 48. Kc3 Bb7 49. Kb3 Bc6 50. h3 Ke6 51. Rd2 Kd7 52. Rd4 Ke6 53. d7 Bxd7 54. Rxd7 Kxd7 55. a4 Kc6 56. axb5+ Kxb5 57. Kc3 Kc6 58. Kd4 Kb5 59. Ke5 Kxb4 60. Kf6 Kc5 61. Kg6 Kd6 62. Kxh6 Ke7 63. Kxg5 Kf7 64. h4 Kg7 65. h5 Kh7 66. Kf6 Kg8 67. g5 Kf8 68. g6 Kg8 69. g7 Kh7 70. Kf7 Kh6 71. g8Q 1-0